Регионална библиотека "Любен Каравелов" - Русе

Анатомия на растенията (Запис номер 454367)

MARC детайли
000 -Лидер
Контролно поле с фиксирана дължина nam a22 a 4500
003 - Код на организацията, давaща контролен номер
Контролно поле BLK
005 - Дата и час на последна редакция
Контролно поле 20220428162449.0
008 - Елементи от данни с фиксирана дължина
fixed length control field 220428b bu |||||r|||||||| ||bu d
040 ## - Източник на каталожния запис
Идентификатор на билиотеката - собственик на записа BLK
041 ## - Код за език
Код за езика на текст/звукозапис или на отделно заглавие Български
Код за езика КДБФ Български
080 ## - УДК
Текстов определител УДК Обща ботаника
УДК код - определител по УДК 581
УДК определител (075)
УДК - код + определител 581(075)
100 ## - Редна дума - Автор
R(LIN) 322153
Автор Попов, Кирил Йорданов
Авторска отговорност първи автор
139 ## - Редно поле
Редна дума Попов, Кирил Йорданов и др.
245 ## - Сведения за заглавието
Заглавие Анатомия на растенията
Подзаглавни данни за студентите по биология при Соф. унив.
Редно поле (дума) К. Йорд. Попов, съавт. Ружа Р. Попова.
260 ## - Област на издателските данни
9 (RLIN) 209548
Място на издаване, разпространение и проч. София
Име на издателя, разпространителя и проч. Наука и изкуство
Година на издаване 1964
300 ## - Физическа характеристика
Страници 376 с.
Илюстрации и др. с ил.
Размери/Мащаб 23 см
380 ## - Жанр
Жанр Естествени науки. Математика
504 ## - Забележка за наличие на библиография и др
Забележка за наличие на библиография и под. Библиогр.с. 371.
650 #7 - Допълнително описание по предмет – тема
9 (RLIN) 168966
Основно описание – тема или топоним Растения
650 #7 - Допълнително описание по предмет – тема
9 (RLIN) 149099
Основно описание – тема или топоним Ботаника
653 #7 - Ключова дума – ненормативна
9 (RLIN) 180868
Ключова дума анатомия на растенията
653 #7 - Ключова дума – ненормативна
9 (RLIN) 199104
Ключова дума учебници за ВУЗ
700 ## - Други автори (авторска отговорност)
9 (RLIN) 473722
Лично име Попова, Ружа Р.
Автороска отговорност (Описва отношението между автора и произведението) съавт.
852 ## - Местоположение
Форматна сигнатура Цб 32673
Фондова буква Хранилище
999 ## - СИСТЕМНИ КОНТРОЛНИ НОМЕРА
Koha biblionumber 454367
Koha biblioitemnumber 454367
942 ## - АРТИКУЛИ
Вид на библиотечния материал Книги
Скрит в OPAC Не
Периодичен библиозапис Да
944 ## - СЪЗДАВАНЕ И РЕДАКЦИЯ на ЗАПИСА
Създаване/Редакция Създаване
Дата на регистрацията/редакция 2022-04-28
Служител, извършил регистрацията/редакцията А.М.
Наличности
Код за отписване Код за изгубен артикул Източник на класификационната схема Код за повреда Коз за рестрикции Код за отдаване Артикулен № Име на библиотеката - собственик Име на библиотеката, в която се намира в момента Статус (Текущо местоположение) Дата на вписване в системата Местоположение - отдел Цена в лева Инвентарен номер Систематично азбучна сигнатура Баркод Цена в евро Служебен тип на артикула
  Не е изгубен Universal Decimal Classification Не е повреден само за читалня ползва се в читалня 883043 Регионална библиотека "Любен Каравелов" Русе Регионална библиотека "Любен Каравелов" Русе Хранилище 2022-05-03 Хранилище 1.41 4965/65 Цб 32673 900000095098 0.72 Книги
Vip Innovations Ltd, Rousse, Bulgaria 2025